Giải pháp phát triển đội ngũ giảng viên trường Cao đẳng kinh tế - kỹ thuật Quảng Nam trong bối cảnh hiện nay

Cơ sở lý luận về vấn đề phát triển đội ngũ giảng viên. Thực tiễn phát triển đội ngũ giảng viên trường Cao đẳng kinh tế - kỹ thuật Quảng Nam. Giải pháp phát triển đội ngũ giảng viên trường Cao đẳng kinh tế - kỹ thuật Quảng Nam trong bối cảnh hiện nay...

Cijeli opis

Spremljeno u:
Bibliografski detalji
Glavni autor: Phạm, Hải Anh
Daljnji autori: Trần, Xuân Bách TS (Hướng dẫn)
Format: Knjiga
Jezik:Vietnamese
Izdano: Đà Nẵng Đại học Đà Nẵng 2011
Serija:Luận văn thạc sĩ Giáo dục học . Chuyên ngành: Quản lý giáo dục
Teme:
Oznake: Dodaj oznaku
Bez oznaka, Budi prvi tko označuje ovaj zapis!
Thư viện lưu trữ: Mạng thư viện Đại học Đà Nẵng
LEADER 01425nam a2200313 4500
001 000012667
003 8975
005 20120224100218.0
008 120224s2011 viesd
041 |a vie 
072 |a Khóa luận tốt nghiệp 
082 |a 378.122  |b PH-A 
100 |a Phạm, Hải Anh 
245 |a Giải pháp phát triển đội ngũ giảng viên trường Cao đẳng kinh tế - kỹ thuật Quảng Nam trong bối cảnh hiện nay  |c Phạm, Hải Anh 
260 |a Đà Nẵng  |b Đại học Đà Nẵng  |c 2011 
300 |a 84 tr.  |c 29 cm  |e tóm tắt + đia CD 
490 |a Luận văn thạc sĩ Giáo dục học . Chuyên ngành: Quản lý giáo dục 
500 |a Tham khảo tr.81-84 + phụ lục [15 tr.] 
520 |a Cơ sở lý luận về vấn đề phát triển đội ngũ giảng viên. Thực tiễn phát triển đội ngũ giảng viên trường Cao đẳng kinh tế - kỹ thuật Quảng Nam. Giải pháp phát triển đội ngũ giảng viên trường Cao đẳng kinh tế - kỹ thuật Quảng Nam trong bối cảnh hiện nay 
653 |a Luận văn thạc sí 
700 |a Trần, Xuân Bách  |c TS  |e Hướng dẫn 
OWN |a LSP 
999 |a From the UDN01 
TYP |a Monograph 
TYP |a Printed language 
980 |a Mạng thư viện Đại học Đà Nẵng